LIBRARY & INFORMATION CENTRE, KCAET, TAVANUR

ONLINE PUBLIC ACCESS CATALOGUE (OPAC)

Regional planning social facilities (Record no. 11149)

MARC details
000 -LEADER
fixed length control field 00474cam a2200181ua 4500
041 ## - LANGUAGE CODE
Language code of text/sound track or separate title eng
082 ## - DEWEY DECIMAL CLASSIFICATION NUMBER
Classification number 338.9
Item number WAN/RE
100 ## - MAIN ENTRY--AUTHOR NAME
Personal name wanmali, Sudhir .
245 ## - TITLE STATEMENT
Title Regional planning social facilities
260 ## - PUBLICATION, DISTRIBUTION, ETC. (IMPRINT)
Place of publication :
Name of publisher Najioned institute of community ,
Year of publication 1970.
300 ## - PHYSICAL DESCRIPTION
Number of Pages 94 ; .
650 ## - SUBJECT ADDED ENTRY--TOPICAL TERM
Topical Term central place theory/ case studies/ regional planning
942 ## - ADDED ENTRY ELEMENTS (KOHA)
Koha item type Books
Holdings
Withdrawn status Lost status Damaged status Home library Current library Date acquired Full call number Accession Number Koha item type
Withdrawn     KAUAET Sanskrit University 07/04/2012 338.9 13071 Books
free website counter